Monografía histórica de Valparaíso, 1536-1910

Saved in:
Bibliografiske detaljer
Hovedforfatter: Silva, Víctor Domingo (Author)
Format: Bog
Sprog:spansk
Udgivet: Viña del Mar, Chile Altazor 2004
Serier:Crónica
Fag:
Tags: Tilføj Tag
Ingen Tags, Vær først til at tagge denne postø!

MARC

LEADER 00000cam a2200000 a 4500
001 UCK4508
003 CL-VaPUC
005 20230110074242.0
008 050610e20040000CL |||||||||||||||||spa|d
651 0 |a Valparaíso, Chile  |z CHILE  |9 261144 
999 |c 313339  |d 313337 
020 |a 9567472262 
040 |c Pontificia Universidad Católica de Valparaíso 
082 0 4 |a 983.24 SIL 2004  |2 21 
100 0 |a Silva, Víctor Domingo  |e author  |9 493016 
245 1 0 |a Monografía histórica de Valparaíso, 1536-1910 
260 |a Viña del Mar, Chile  |b Altazor  |c 2004 
300 |a 130 páginas 
490 0 |a Crónica 
500 |a El proyecto para esta edición ha sido realizado gracias al aporte del Fondo Nacional del Libro, concurso año 2002 
500 |a Reimpresión del año 1910 editado por Litografía e imprenta moderna, de Scherrer y Herrmann, Valparaíso 
583 |a last modification  |c 20121024 03:17:57  |k Rodrigo Vera 
650 0 |a Historia de Chile  |y 1535-1810  |9 265473 
852 |a BIBCUR 
942 |c BK  |2 ddc 
945 |d 20050610 00:00:00  |a cmena 
952 |0 0  |1 0  |2 ddc  |4 0  |6 983_240000000000000_SIL_2004  |7 0  |8 A  |9 384643  |a BIBHIS  |b BIBHIS  |d 2019-11-22  |i 4132130  |l 1  |o 983.24 SIL 2004  |p 4132130  |r 2024-01-30  |s 2023-06-08  |t 1  |w 2019-11-22  |y BK  |k HIS 
952 |0 0  |1 0  |2 ddc  |4 0  |6 983_240000000000000_SIL_2004  |7 0  |8 A  |9 384644  |a BIBHIS  |b BIBHIS  |d 2019-11-22  |i 4896238  |l 3  |m 1  |o 983.24 SIL 2004  |p 4896238  |r 2025-01-20  |s 2023-11-21  |t 2  |w 2019-11-22  |y BK  |k HIS